Jeff Bridges Movies Quiz Stats

 Plays Quiz Updated Jan 1, 2021

Support Sporcle.
Go Orange.
Score 0/71 Timer 12:00
0 Plays Today
Year Movie % Correct
1998The Big Lebowski
88.8%
2009Crazy Heart
59.5%
2008Iron Man
55.3%
1982TRON
55%
2010True Grit
47.7%
2010Tron Legacy
39.4%
2013R.I.P.D.
37.7%
1989The Fabulous Baker Boys
36.4%
1984Starman
35.9%
2016Hell or High Water
34.8%
1971The Last Picture Show
33.4%
2018Bad Times at the El Royale
30.5%
1974Thunderbolt and Lightfoot
29.6%
1991The Fisher King
26.2%
2014The Giver
25.1%
2009The Men Who Stare at Goats
23.3%
2017Kingsman: The Golden Circle
22.6%
1999Arlington Road
21.7%
2000The Contender
21.7%
1988Tucker: The Man and His Dream
19.5%
2001K-PAX
18.9%
1976King Kong
18.6%
2014Seventh Son
18.6%
1994Blown Away
18%
2007Surf's Up
18%
2003Seabiscuit
17.9%
1993Fearless
15.7%
1985Jagged Edge
15%
1996White Squall
14.9%
2015The Little Prince
14%
1984Against All Odds
13.8%
1990Texasville
12.6%
1993The Vanishing
12.4%
2017Only the Brave
12.2%
2004The Door in the Floor
11.4%
1996The Mirror Has Two Faces
10.6%
Year Movie % Correct
2006Stick It
10.6%
1995Wild Bill
10.1%
2017The Only Living Boy in New York
9.9%
1982The Last Unicorn
9.3%
1980Heaven's Gate
9.3%
2008How to Lose Friends & Alienate People
9%
1972Fat City
8.5%
1981Cutter's Way
8.5%
1986The Morning After
8.2%
19868 Million Ways to Die
7.5%
1987Nadine
7.5%
1992American Heart
7.3%
2005Tideland
7.2%
2012Pablo
7.2%
1972Bad Company
7.1%
1976Stay Hungry
6.6%
2005The Moguls
6.5%
1999The Muse
6.5%
1975Rancho Deluxe
6.4%
1973The Last American Hero
6.3%
1973The Iceman Cometh
6.1%
1999Simpatico
5.7%
2009The Open Road
5.6%
1982Kiss Me Goodbye
5.6%
2009A Dog Year
5.4%
1979Winter Kills
5.4%
2003Masked and Anonymous
5.2%
1975Hearts of the West
4.9%
1989See You in the Morning
4.8%
1973Lolly-Madonna XXX
4.3%
1980The American Success Company
3.9%
2001Scenes of the Crime
3.9%
1970Halls of Anger
3.8%
1978Somebody Killed Her Husband
3.8%
1970The Yin and the Yang of Mr. Go
3.7%

From the Vault

Lyric Pop Quiz

by actuary

Music 12m
The quiz that dares to ask: Do you know where Jimmy Buffett is wasted away again?
Remove Ads.
Support Sporcle.
Get the best of Sporcle when you Go Orange. This ad-free experience offers more features, more stats, and more fun while also helping to support Sporcle. Thank you for becoming a member.

Show Comments

Extras

Top Quizzes Today


Score Distribution

Your Account Isn't Verified!

In order to create a playlist on Sporcle, you need to verify the email address you used during registration. Go to your Sporcle Settings to finish the process.

Report this User

Report this user for behavior that violates our Community Guidelines.

Details: